Home Print Resources E-Books E-Journals IIMT Lecture Series Library Membership Form Book Recommendation Form Campus Tour Take AdmissionAbout Us Contact Us

KALYAN SRILING MAHAPURAN (Record no. 58487)

000 -LEADER
fixed length control field 00343nam a22001457a 4500
003 - CONTROL NUMBER IDENTIFIER
control field OSt
005 - DATE AND TIME OF LATEST TRANSACTION
control field 20240309103858.0
008 - FIXED-LENGTH DATA ELEMENTS--GENERAL INFORMATION
fixed length control field 240309b |||||||| |||| 00| 0 eng d
040 ## - CATALOGING SOURCE
Transcribing agency IIMT UNIVERSITY
100 ## - MAIN ENTRY--PERSONAL NAME
Personal name GEETA PRESS
245 ## - TITLE STATEMENT
Title KALYAN SRILING MAHAPURAN
260 ## - PUBLICATION, DISTRIBUTION, ETC.
Place of publication, distribution, etc. GORAKHPUR
Name of publisher, distributor, etc. GEETA PRESS
Date of publication, distribution, etc. 2012
300 ## - PHYSICAL DESCRIPTION
Extent 505
942 ## - ADDED ENTRY ELEMENTS (KOHA)
Source of classification or shelving scheme
Koha item type Specimen
Holdings
Withdrawn status Lost status Source of classification or shelving scheme Damaged status Not for loan Home library Current library Date acquired Source of acquisition Cost, normal purchase price Inventory number Total Checkouts Barcode Checked out Date last seen Date last checked out Uniform Resource Identifier Cost, replacement price Price effective from Koha item type
          IIMT University Central Library Meerut IIMT University Central Library Meerut 03/09/2024 CHAIRMEN SIR 110.00 DONATED 3 28-S-3888 07/31/2026 03/11/2026 03/11/2026 Shaivism Puranas 110.00 03/09/2024 Text-Book- for 7 days
IIMT, Central Library. All Rights Reserved IIMT,UNIVERSITY © 2023
Implemented and Customised by I CLOUDE EMS
You Are OPAC Visitor No
free web counter

Powered by Koha